00454nam a2200121Ia 4500008004100000245012200041260002400163260000900187300000800196650002300204650001200227856009300239170516s9999 xx 000 0 und d 3aAn alternative method for quantifying coronary artery calcification: the multi-ethnic study of atherosclerosis (MESA) bBMC Medical Imaging c2012 a12: xMedical Technology xMedtech uhttp://bmcmedimaging.biomedcentral.com/articles?query=&volume=12&searchType=&tab=keyword